LIBRARY & INFORMATION CENTRE, KCAET, TAVANUR

ONLINE PUBLIC ACCESS CATALOGUE (OPAC)

High yielding varieties of crops / (Record no. 3559)

MARC details
000 -LEADER
fixed length control field 00461cam a2200181ua 4500
041 ## - LANGUAGE CODE
Language code of text/sound track or separate title eng
082 ## - DEWEY DECIMAL CLASSIFICATION NUMBER
Classification number 633.087
Item number RAM/HI
100 ## - MAIN ENTRY--AUTHOR NAME
Personal name Ram, Mahabel .
245 ## - TITLE STATEMENT
Title High yielding varieties of crops /
260 ## - PUBLICATION, DISTRIBUTION, ETC. (IMPRINT)
Place of publication New Delhi :
Name of publisher Oxford & IBH Publishing company ,
Year of publication 1980.
300 ## - PHYSICAL DESCRIPTION
Number of Pages 676 ; .
942 ## - ADDED ENTRY ELEMENTS (KOHA)
Koha item type Books
Holdings
Withdrawn status Lost status Damaged status Home library Current library Date acquired Full call number Accession Number Koha item type
      KAUAET KAUAET 07/04/2012 633.087 14116 Books
      KAUAET KAUAET 01/09/1986 633.087 15518 Books
free website counter